[Event "Nairobi op"]
[Site "Nairobi"]
[Date "2023.04.06"]
[Round "1"]
[White "Manyeki, Nathaniel"]
[Black "Singe, Phillip Mbawala"]
[Result "0-1"]
[WhiteElo "1322"]
[BlackElo "1715"]
[PlyCount "28"]
[EventDate "2023.04.06"]
[EventType "swiss"]
[EventRounds "9"]
[EventCountry "KEN"]
[SourceTitle "EXT 2024"]
[Source "ChessBase"]
[SourceDate "2023.10.10"]
[SourceVersion "1"]
[SourceVersionDate "2023.10.10"]
[SourceQuality "1"]

1. e4 e5 2. Nf3 Nc6 3. d4 d6 4. Bb5 exd4 5. Nxd4 Bd7 6. 0-0 Nf6 7. Nc3 Be7 8. Be3 0-0 9. Nf5 Bxf5 10. exf5 Ne5 11. h3 a6 12. Bd3 Re8 13. f4 Nxd3 14. Qxd3 c6 0-1

[Event "KEN-ch"]
[Site "Nairobi"]
[Date "2022.12.28"]
[Round "6"]
[White "Sadam, Ali Sheikh"]
[Black "Manyeki, Nathaniel"]
[Result "1-0"]
[WhiteElo "1545"]
[BlackElo "1219"]
[PlyCount "24"]
[EventDate "2022.12.26"]
[EventType "swiss"]
[EventRounds "9"]
[EventCountry "KEN"]
[SourceTitle "EXT 2024"]
[Source "ChessBase"]
[SourceDate "2023.10.10"]
[SourceVersion "1"]
[SourceVersionDate "2023.10.10"]
[SourceQuality "1"]

1. d4 b6 2. Bf4 Bb7 3. e3 Nf6 4. Nf3 e6 5. c3 Nd5 6. Bg3 Be7 7. Nbd2 Nc6 8. e4 Nf6 9. e5 Nh5 10. Bd3 d6 11. Qb3 a6 12. 0-0-0 Qd7 1-0

[Event "KEN-ch"]
[Site "Nairobi"]
[Date "2022.12.27"]
[Round "3"]
[White "Manyeki, Nathaniel"]
[Black "Jackson, Okoth"]
[Result "1-0"]
[WhiteElo "1219"]
[BlackElo "1593"]
[PlyCount "59"]
[EventDate "2022.12.26"]
[EventType "swiss"]
[EventRounds "9"]
[EventCountry "KEN"]
[SourceTitle "EXT 2024"]
[Source "ChessBase"]
[SourceDate "2023.10.10"]
[SourceVersion "1"]
[SourceVersionDate "2023.10.10"]
[SourceQuality "1"]

1. b3 e5 2. Bb2 Nc6 3. Nc3 d5 4. e3 Nf6 5. d4 e4 6. Bb5 a6 7. Bxc6+ bxc6 8. h3 Bd6 9. Nge2 0-0 10. 0-0 h6 11. Na4 Nh7 12. Nc5 Qg5 13. Kh1 Qh4 14. Nf4 Bxf4 15. exf4 Qxf4 16. Qc1 Qh4 17. Qe3 f5 18. Qg3 Qxg3 19. fxg3 Ng5 20. Bc1 Ne6 21. Nxe6 Bxe6 22. Bf4 c5 23. dxc5 c6 24. Bd6 Rf7 25. c3 Kh7 26. Kg1 g5 27. Rae1 Kg6 28. Rf2 a5 29. h4 Kh5 30. Re3 1-0